Understanding India : cultural influences on Indian television commercials /

Bibliographic Details
Main Author: Chattopadhya, Rohitashya, 1975- (Author)
Format: Book
Language:English
Published: New Delhi : SAGE Publications, 2014.
Subjects:

MARC

Tag First Indicator Second Indicator Subfields
LEADER 00000cam a2200000 i 4500
001 in00003473821
005 20151206104029.0
008 140116s2014 ii b 001 0 eng
010 |a  2014001697 
020 |a 9788132113928 (hardback : alk. paper) 
020 |a 8132113926 (hardback : alk. paper) 
035 |a (OCoLC)ocn868511675 
040 |a DLC  |e rda  |c DLC  |d UtOrBLW 
043 |a a-ii--- 
049 |a TXAM 
050 0 0 |a HF6146.T42  |b C43 2014 
082 0 0 |a 659.14/30954  |2 23 
100 1 |a Chattopadhya, Rohitashya,  |d 1975-  |e author. 
245 1 0 |a Understanding India :  |b cultural influences on Indian television commercials /  |c Rohitashya Chattopadhyay. 
264 1 |a New Delhi :  |b SAGE Publications,  |c 2014. 
300 |a xi, 175 pages ;  |c 23 cm. 
336 |a text  |b txt  |2 rdacontent 
337 |a unmediated  |b n  |2 rdamedia 
338 |a volume  |b nc  |2 rdacarrier 
504 |a Includes bibliographical references (pages 166-169) and index. 
505 0 |a Going home -- India changing -- Visualizing India -- India batting -- Feminine India -- Consuming india. 
650 0 |a Television advertising  |z India. 
945 |a PromptCat  |b 871533 
946 |a west,stk 
947 |a A14840381689 
948 |a cataloged  |b h  |c 2014/9/9  |d c  |e dmitchel  |f 2:10:20 pm 
994 |a C0  |b TXA 
999 |a MARS 
999 f f |s 9d769aba-3aff-3e8b-8dee-4116f17a2a23  |i d90d898c-8a5d-356e-bf44-0c5c9efc7a40  |t 0 
952 f f |p normal  |a Texas A&M University  |b College Station  |c Sterling C. Evans Library  |d Evans: Library Stacks  |t 0  |e HF6146.T42 C43 2014  |h Library of Congress classification  |i unmediated -- volume  |m A14840381689 
998 f f |a HF6146.T42 C43 2014  |t 0  |l Evans: Library Stacks